|
|
|
|
| LEADER |
00000nab#a22000007a#4500 |
| 001 |
arbauad026589 |
| 003 |
AR-BaUAD |
| 005 |
20250711112206.0 |
| 008 |
970502|||||||||###||||||b###|0###a|spa|| |
| 040 |
|
|
|a AR-BaUAD
|c AR-BaUAD
|b spa
|
| 100 |
|
|
|a Chamsi, Omar
|
| 245 |
|
|
|a Unicornio :
|b el jardín de las frutas /
|c Omar Chamsi;
|
| 653 |
|
|
|a CINE
|
| 653 |
|
|
|a CRITICAS
|
| 653 |
|
|
|a DIRECTORES DE CINE
|
| 653 |
|
|
|a LARGOMETRAJES
|
| 653 |
|
|
|a ARGENTINA
|
| 653 |
|
|
|a CESAR, PABLO
|
| 773 |
0 |
|
|t SIN CORTES
|g año 18, no. 105 [ene. 1997], p. 32
|
| 942 |
|
|
|c ARTI
|
| 952 |
|
|
|0 0
|1 0
|4 0
|7 0
|9 71508
|a AR-BAuAD
|b AR-BAuAD
|d 2025-07-11
|l 0
|p AAQA026589
|r 2025-07-11 11:22:06
|w 2025-07-11
|y ARTI
|
| 990 |
|
|
|a C199
|b TD
|
| 998 |
|
|
|a AAQ
|b BIBUN76
|
| 999 |
|
|
|c 51181
|d 51181
|